000 00376nam a2200145Ia 4500
008 210716s2014 xx 000 0 und d
020 _a9788120347045
041 _aeng
082 _a332.3 POPG
100 _aPopli, G S; Puri, S K.
245 _aStrategic credit management in banks.
250 _a1
260 _aNew Delhi
_bPHI Learning Pvt Ltd
_c2014
300 _axxi,302
999 _c209867
_d209867